| 000 | 00393cam a2200169ua 4500 | ||
|---|---|---|---|
| 020 | _c2.00 | ||
| 041 |
_aeng _h |
||
| 082 |
_a825 _bMOR/LO |
||
| 100 | _aMorgan, Arthur . | ||
| 245 |
_aLong road / _cArthur Morgan. _hTextual Documents |
||
| 260 |
_aAhmadabad : _bNavajivan publishing house. |
||
| 300 | _a ; . | ||
| 365 | _a2.00 | ||
| 504 | _a | ||
| 942 | _cBK | ||
| 999 |
_c12526 _d12526 |
||